00701pam a2200169 a 4500020000500000041000800005082001700013100003100030245005800061250001000119260002300129300001300152930000900165999001700174952017000191952017000361 c aeng a574.293bCRO aCrowe James ,eBoraschi D. aAntibodies For Infections Disoses hTextual Documents a2015. a[s.l]:bASM Press  a457 pg . a9317 c86222d86222 001040708ReferenceaYMPbYMPd2021-06-07eBharati Sahakari Madhyavarti Grahak Bhandarg11810.50l0o574.293 CROpYMP-41220r2023-02-24 00:00:00t2w2023-02-24yBK 001040708ReferenceaYMPbYMPd2021-06-07eBharati Sahakari Madhyavarti Grahak Bhandarg11810.50l0o574.293 CROpYMP-41219r2023-02-24 00:00:00t1w2023-02-24yBK